|
|
|
|
| LEADER |
00000nam a2200000 a 4500 |
| 001 |
vtls001472130 |
| 003 |
SK-MaSNL |
| 005 |
20260302073511.0 |
| 008 |
251104s2002 xo a f 000 0 slo |
| 015 |
|
|
|a SNBA2005/03-00899
|
| 020 |
|
|
|a 8080681562
|q (brož.)
|
| 035 |
|
|
|a SNK000427432
|
| 035 |
|
|
|a urn:nbn:sk:snk-amkorz
|
| 035 |
|
|
|a urn:nbn:sk:snk-am003wuu
|
| 035 |
|
|
|a 9F0074E6-989E-4052-B0AA-8EE8C6399E78
|
| 040 |
|
|
|a SNK
|b slo
|c SNK
|e AACR2
|
| 041 |
0 |
|
|a slo
|
| 044 |
|
|
|a xo
|c SK
|
| 072 |
|
7 |
|a 316.7
|x Sociológia kultúry. Kultúrny život
|2 konspekt
|
| 245 |
0 |
0 |
|a O interpretácii masmediálneho textu
|b zborník štúdií riešiteľov grantu KEGA č. 153/2001 : zvukovo-intonačné, štylisticko-pragmalingvistické, literárnoestetické a sociokultúrne dimenzie fungovania textu v médiách
|c kolektív autorov
|
| 250 |
|
|
|a 1. vyd.
|
| 260 |
|
|
|a Prešov
|b Prešovská univerzita
|c 2002
|
| 300 |
|
|
|a 159 s.
|b ilustr., sch.
|c 21 cm
|
| 366 |
|
|
|e 150 kusov
|
| 490 |
1 |
|
|a Acta Facultatis Philosophicae Universitatis Prešoviensis. Jazykovedný zborník
|v 17
|
| 500 |
|
|
|a Hl. ed. má č. 76/158
|
| 504 |
|
|
|a Bibliogr. odkazy
|
| 650 |
0 |
7 |
|a médiá
|2 SNKPH
|9 1424
|
| 650 |
0 |
7 |
|a multimédiá
|2 SNKPH
|9 2022
|
| 650 |
0 |
7 |
|a mediálny obraz
|2 SNKPH
|9 69192
|
| 650 |
0 |
7 |
|a sociálna komunikácia
|2 SNKPH
|9 1396
|
| 650 |
0 |
7 |
|a lingvistika
|2 SNKPH
|9 860
|
| 655 |
|
7 |
|a zborníky
|2 SNKPH
|9 70165
|
| 655 |
|
7 |
|a štúdie
|2 SNKPH
|9 57033
|
| 830 |
|
0 |
|a Acta Facultatis Philosophicae Universitatis Prešoviensis. Jazykovedný zborník
|9 737986
|
| 919 |
|
|
|a 80-8068-156-2
|
| 958 |
|
|
|a OND
|
| 999 |
|
|
|c 1161081
|d 1163011
|
| 952 |
|
|
|t P60, <03>, [BOOK], {603}, -K-
|a SNK
|b SNK
|y PREZ
|7 0
|p 17A0421906
|o snkSC 115332
|i snkKSP 4694/2004
|0 0
|1 0
|4 0
|d 2004-03-30
|f 1
|l 0
|r 2025-10-03 00:00:00
|w 2026-02-24
|
| 952 |
|
|
|t P60, <04>, [BOOK], {604}
|a SNK
|b SNK
|y VYP
|7 0
|p 17A0421903
|o snkSC 115332 D1
|i snkKSP 4695/2004
|0 0
|1 0
|4 0
|d 2004-03-30
|l 0
|r 2005-01-02 00:00:00
|w 2026-02-24
|